Intercambio urológico por correspondencia. (Record no. 83270)

MARC details
000 -LEADER
campo de control de longitud fija 00482nam a2200169 i 4500
001 - NÚMERO DE CONTROL
campo de control 83270
003 - IDENTIFICADOR DE NÚMERO DE CONTROL
campo de control ES-MaACL
005 - FECHA Y HORA DE LA ÚLTIMA TRANSACCIÓN
campo de control 20250723100701.0
007 - CAMPO FIJO DE DESCRIPCIÓN FÍSICA--INFORMACIÓN GENERAL
campo de control de longitud fija t|
008 - DATOS DE LONGITUD FIJA--INFORMACIÓN GENERAL
campo de control de longitud fija 041116m19501951sp ||||1| spa d
245 00 - MENCIÓN DEL TÍTULO
Título Intercambio urológico por correspondencia.
260 ## - PUBLICACIÓN, DISTRIBUCIÓN, ETC.
Lugar de publicación, distribución, etc. [Madrid] :
Nombre del editor, distribuidor, etc. Facultad de Medicina,
Fecha de publicación, distribución, etc. 1950-1951.
300 ## - DESCRIPCIÓN FÍSICA
Extensión 2 v. ;
Dimensiones 28 cm.
710 20 - ENTRADA AGREGADA--NOMBRE DE ENTIDAD CORPORATIVA
Nombre de entidad corporativa o nombre de jurisdicción como elemento de entrada Universidad de Madrid.
Unidad subordinada Facultad de Medicina
9 (RLIN) 7215
852 ## - LOCALIZACIÓN
Ubicación ES-MaACL
Número de control de estantería B-13825-6
Holdings
Estatus retirado Estado de pérdida Estado de daño No para préstamo Biblioteca de origen Biblioteca actual Ubicación en estantería Fecha de adquisición Fuente de adquisición Total de préstamos Signatura topográfica completa Código de barras Visto por última vez Precio de reemplazo Tipo de ítem Koha
        Biblioteca del Ateneo de Madrid Biblioteca del Ateneo de Madrid Sala Pardo Bazán 17/01/2008     B-13825-6 1087034 23/02/2023 23/02/2023 Libro impreso